00493nam a2200181 a 450000100060000000300090000600800410001502000150005604000280007108200170009910000280011624500210014426000560016530000110022165000230023265000320025565000240028711095CO-ViMGA141112s2004 ck r 000 u spa d a9586391302 aCO-ViMGAbspacCO-ViMGA04aCo864.6 C65d1 aConsuegra, Jose Higgins10aDesde mi columna aSantafé de Bogotá, cEditorial Grijalbo, c1997 a492 p.14aCOLECCION ESCRITOS14aCONSUEGRA HIGGINS JOSE 192614aENSAYOS COLOMBIANOS